Los dibujos del taller de Augusto H. Álvarez (Record no. 12570)

MARC details
000 -CABECERA
campo de control de longitud fija 01802nam a2200397 4500
003 - IDENTIFICADOR DEL NÚMERO DE CONTROL
campo de control OSt
005 - FECHA Y HORA DE LA ÚLTIMA TRANSACCIÓN
campo de control 20260530115255.0
008 - DATOS DE LONGITUD FIJA--INFORMACIÓN GENERAL
campo de control de longitud fija 260421b2013 mx a|||| |||| 00| 0 spa d
020 ## - NÚMERO INTERNACIONAL ESTÁNDAR DEL LIBRO
Número Internacional Estándar del Libro 9786074172584
040 ## - FUENTE DE LA CATALOGACIÓN
Centro catalogador/agencia de origen ICI
Lengua de catalogación spa
Centro/agencia transcriptor ICI
041 ## - CÓDIGO DE LENGUA
Código de lengua del texto/banda sonora o título independiente spa
041 ## - CÓDIGO DE LENGUA
Código de lengua del texto/banda sonora o título independiente eng
050 #4 - SIGNATURA TOPOGRÁFICA DE LA BIBLIOTECA DEL CONGRESO
Número de clasificación NA759.A683
Número de documento/Ítem D53
100 1# - ENTRADA PRINCIPAL--NOMBRE DE PERSONA
Nombre de persona Cruz González Franco, Lourdes
245 14 - MENCIÓN DE TÍTULO
Título Los dibujos del taller de Augusto H. Álvarez
Mención de responsabilidad, etc. Lourdes Cruz González Franco, Alejandro Aguilera González ; con dibujos de: Carlos Alvarado, Augusto H. Álvarez, Augusto F. Álvarez, Vito Ascencio, Jorge Flores, Luis Guerrero, Francisco Javier Marván, Héctor Meza, Joaquín Palacios, Octavio Sánchez
264 #1 - PRODUCCIÓN, PUBLICACIÓN, DISTRIBUCIÓN, FABRICACIÓN Y COPYRIGHT
Nombre del de productor, editor, distribuidor, fabricante Universidad Iberoamericana, Ciudad de México, Departamento de Arquitectura
-- Universidad Nacional Autónoma de México, Facultad de Arquitectura
Fecha de producción, publicación, distribución, fabricación o copyright 2013
Producción, publicación, distribución, fabricación y copyright México, D.F.
300 ## - DESCRIPCIÓN FÍSICA
Extensión 139 páginas
Otras características físicas ilustraciones
336 ## - TIPO DE CONTENIDO
Término de tipo de contenido texto
Fuente rdacontent
337 ## - TIPO DE MEDIO
Nombre/término del tipo de medio sin medio
Fuente rdamedia
338 ## - TIPO DE SOPORTE
Nombre/término del tipo de soporte volumen
Fuente rdacarrier
500 ## - NOTA GENERAL
Nota general Texto en español
600 10 - PUNTO DE ACCESO ADICIONAL DE MATERIA--NOMBRE DE PERSONA
Nombre de persona Álvarez, Augusto H.
Fechas asociadas al nombre 1914-1995
Subdivisión general Archivos
9 (RLIN) 30375
650 ## - PUNTO DE ACCESO ADICIONAL DE MATERIA--TÉRMINO DE MATERIA
Término de materia o nombre geográfico como elemento de entrada Dibujo arquitectónico
Subdivisión general Historia
Subdivisión cronológica Siglo XX
Subdivisión geográfica México |
9 (RLIN) 30376
700 #1 - PUNTO DE ACCESO ADICIONAL--NOMBRE DE PERSONA
Nombre de persona Aguilera González, Alejandro
Término indicativo de función/relación autor
9 (RLIN) 30377
700 #1 - PUNTO DE ACCESO ADICIONAL--NOMBRE DE PERSONA
Nombre de persona Alvarado, Carlos
Término indicativo de función/relación ilustrador
9 (RLIN) 30378
700 #1 - PUNTO DE ACCESO ADICIONAL--NOMBRE DE PERSONA
Nombre de persona Álvarez, Augusto H.
Fechas asociadas al nombre 1914-1995,
Término indicativo de función/relación ilustrador
700 #1 - PUNTO DE ACCESO ADICIONAL--NOMBRE DE PERSONA
Nombre de persona Álvarez, Augusto F.
Término indicativo de función/relación ilustrador
9 (RLIN) 30380
700 #1 - PUNTO DE ACCESO ADICIONAL--NOMBRE DE PERSONA
Nombre de persona Ascencio, Vito
Término indicativo de función/relación ilustrador
9 (RLIN) 30381
700 #1 - PUNTO DE ACCESO ADICIONAL--NOMBRE DE PERSONA
Nombre de persona Flores, Jorge
Término indicativo de función/relación ilustrador
9 (RLIN) 30382
700 #1 - PUNTO DE ACCESO ADICIONAL--NOMBRE DE PERSONA
Nombre de persona Guerrero, Luis
Término indicativo de función/relación ilustrador
9 (RLIN) 30383
700 #1 - PUNTO DE ACCESO ADICIONAL--NOMBRE DE PERSONA
Nombre de persona Javier Marván, Francisco
Término indicativo de función/relación ilustrador
9 (RLIN) 30384
700 #1 - PUNTO DE ACCESO ADICIONAL--NOMBRE DE PERSONA
Nombre de persona Meza, Héctor
Término indicativo de función/relación ilustrador
9 (RLIN) 30385
700 #1 - PUNTO DE ACCESO ADICIONAL--NOMBRE DE PERSONA
Nombre de persona Palacios, Joaquín
Término indicativo de función/relación ilustrador
9 (RLIN) 30386
700 #1 - PUNTO DE ACCESO ADICIONAL--NOMBRE DE PERSONA
Nombre de persona Sánchez, Octavio
Término indicativo de función/relación ilustrador
9 (RLIN) 30387
942 ## - ELEMENTOS DE PUNTO DE ACCESO ADICIONAL (KOHA)
Fuente del sistema de clasificación o colocación Dewey Decimal Classification
Tipo de ítem Koha

No items available.